Star Wars Planets - Statistics

General Stats
  • This quiz has been taken 12 times
  • The average score is 16 of 31
Answer Stats
Hint Answer % Correct
Home of the Jedi Council Coruscant
100%
Ewok Planet Endor
100%
Padme's Home world Naboo
100%
Anakin's Home world Tatooine
100%
Blown up Alderaan
91%
Yoda retirement Dagobah
91%
Wookiee Planet Kashyyyk
91%
Lava covered planet Mustafar
91%
First Rebel base Yavin IV
91%
Lando Planet Bespin
82%
Poggle the Lesser Home world Geonosis
82%
Second Rebel base Hoth
82%
Cloning Facility Planet Kamino
82%
Place where grievous died Utapau
73%
Rogue one Planet where jyn dies Scarif
55%
Twi'lek Home world Ryloth
45%
Han Solo Home world Corellia
36%
Planet where Ashoka Tano was introduced Christophsis
27%
Where Rebel Base was Before #8 Dantooine
27%
Where Saw Herrera died Jedha
27%
Ezra Bridger's home Planet Lothal
27%
Saw Gerrera's Home world Onderon
27%
Pirate Planet Florrum
18%
Jango Fett Home world Mandalore
18%
Admiral Ackbar Home world Mon Cala
18%
Where Padme Gave birth Polis Massa
18%
Dooku's Home world Serenno
18%
Home of Gardulla the hutt Nal Hutta
9%
Place where ahsoka died Moraband
0%
Ashoka Tano's Home world Shili
0%
Bossk Home world Trandoshia
0%
No matching quizzes found
Score Distribution
Percent of People with Each Score
Percentile by Number Answered
Your Score History
You have not taken this quiz